00265 a2200109 4500001000700000040003500007100002800042240003700070245003200107300000700139362000900146155956 cEscola São Tomás de Aquino aROSA, Antônio Vítor10aAgricultura e meio ambientelpor10aAgricultura e meio ambiente a950 a1998